000
00334nam a2200133Ia 4500
008
231017s9999 xx 000 0 und d
082
_a
624
082
_b
KEL
245
0
_a
Low Volume Roads Engineering Best Management Practices Field Guide
245
0
_c
Gordon Keller
260
_b
Gordon Keller
300
_c
30cm
942
_c
REP
999
_c
604057
_d
604057